000
00281nam a22001337a 4500
008
181217b xxu||||| |||| 00| 0 eng d
020
_a
0896595773
041
_a
eng
080
_a
701
100
_a
44
101
_a
ART
245
_a
The Vital Gesture
_c
Kline,F
942
_2
udc
_c
BK
999
_c
53215
_d
53215